Szczegóły MARC21

Uwarunkowania rozwoju budownictwa w przestrzeni urbanistycznej /

003 -Nazwa inst., której nr kontr. jest w polu 001 [,]
    • @
    • Nazwa instytucji, której n kontrolny jest w polu 001
    • NUKAT
005 -DATA I CZAS OSTATNIEJ MODYFIKACJI [,]
    • @
    • pole kontrolne
    • 20250506131734.0
020 -Międzynarod. znormalizowany nr książki - ISBN [ , ]
    • a
    • Numer ISBN
    • 9788389440617 Find
040 -Instytucja sporządzająca opis [ , ]
    • a
    • Instytucja, która sporządziła opis (NP)
    • WA M/HB
    • c
    • Instytucja, która sporządziła rekord (NP)
    • WA M/HB
    • d
    • Instytucja, która zmodyfikowała rekord (P)
    • WA M/MC
    • d
    • Instytucja, która zmodyfikowała rekord (P)
    • WA U/MNis
    • d
    • Instytucja, która zmodyfikowała rekord (P)
    • KR U/BMigs
942 -Rodzaj dokumentu [ , ]
    • c
    • Rodzaj dokumentu
    • Książka
100 -Hasło główne - nazwa osobowa [1, ]
    • a
    • Nazwa osobowa (NP)
    • Werner, Witold Andrzej
    • d
    • Daty biograficzne (NP)
    • (1931-2022).
    • 9
    • KHW
    • 68216
245 -Strefa tytułu i oznaczenia odpowiedzialności [1,0]
    • a
    • Tytuł
    • Uwarunkowania rozwoju budownictwa w przestrzeni urbanistycznej / Find
    • c
    • Pozostałe elementy strefy tytułu i oznaczenia odpowiedzialności (NP)
    • Witold A. Werner, Adam Kowalewski, Maria Thiel ; Instytut Rozwoju Miast.
260 -Strefa adresu wydawniczego [ , ]
    • a
    • Miejsce wydania (P)
    • Kraków ;
    • a
    • Miejsce wydania (P)
    • Warszawa :
    • b
    • Nazwa wydawcy (P)
    • Instytut Rozwoju Miast,
    • c
    • Data wydania (P)
    • 2010.
300 -Strefa opisu fizycznego [ , ]
    • a
    • Określenie formy książki i/lub objętość (NP)
    • 71 s. :
    • b
    • Oznaczenie ilustracji (NP)
    • il. kolor. ;
    • c
    • Format (NP)
    • 24 cm.
336 -Typ zawartości [ , ]
    • a
    • Termin opisujący typ zawartości
    • Tekst
    • b
    • Kod określający zawartość
    • txt
    • 2
    • Źródło (terminu i kodu)
    • rdacontent
337 -Typ mediów [ , ]
    • a
    • Tryb odtwarzania
    • Bez urządzenia pośredniczącego
    • b
    • Kod typu mediów
    • n
    • 2
    • Źródło (terminu i kodu)
    • rdamedia
338 -Typ/rodzaj nośnika [ , ]
    • a
    • Hasło opisujące typ nośnika
    • Wolumin
    • b
    • Kod typu nośnika
    • nc
    • 2
    • Źródło (terminu i kodu)
    • rdacarrier
504 -Uwaga dot. bibliogr. załącznikowej [ , ]
    • a
    • Uwaga dot. bibliografii załącznikowej
    • Bibliogr. s.70-71.
080 -Uniwersalna Klasyfikacja Dziesiętna [ , ]
    • 2
    • Identyfikator wydania tablic
    • UDC-P058
    • 9
    • UKD
    • 5998
    • a
    • Symbol klasyfikacji
    • 711.4/.8
    • b
    • Dopowiedzenie
    • Urbanistyka. Planowanie miast. Aglomeracja.
    • 4
    • UKD2
    • 8113
    • x
    • Poddział wspólny
    • (06)
    • c
    • Dopowiedzenie poddz. wspólnego
    • (Wydawnictwa stowarzyszeń, organizacji i instytucji. Sprawozdania).
080 -Uniwersalna Klasyfikacja Dziesiętna [ , ]
    • 2
    • Identyfikator wydania tablic
    • UDC-P058
    • 9
    • UKD
    • 5880
    • a
    • Symbol klasyfikacji
    • 69
    • b
    • Dopowiedzenie
    • Przemysł budowlany. Rzemiosła budowlane. Materiały, remonty i roboty budowlane.
    • 4
    • UKD2
    • 8113
    • x
    • Poddział wspólny
    • (06)
    • c
    • Dopowiedzenie poddz. wspólnego
    • (Wydawnictwa stowarzyszeń, organizacji i instytucji. Sprawozdania).
650 -Hasło przedmiotowe [ ,7]
    • a
    • Hasło przedmiotowe
    • Zagospodarowanie przestrzenne.
    • 2
    • Źródło terminu
    • kaba
    • 9
    • KHW
    • 137312
650 -Hasło przedmiotowe [ ,7]
    • a
    • Hasło przedmiotowe
    • Urbanistyka.
    • 2
    • Źródło terminu
    • kaba
    • 9
    • KHW
    • 134714
650 -Hasło przedmiotowe [ ,7]
    • a
    • Hasło przedmiotowe
    • Budownictwo
    • x
    • Określnik rzeczowy
    • prognozy.
    • 2
    • Źródło terminu
    • kaba
    • 9
    • KHW
    • 542229
980 -Symbol UKD [ , ]
    • a
    • UKD
    • 711.4/.8:69](06)
700 -Hasło dodatkowe - nazwa osobowa [1, ]
    • a
    • Nazwa osobowa (NP)
    • Kowalewski, Adam T. Find
    • d
    • Daty biograficzne (NP)
    • (1940-2024).
    • 9
    • KHW
    • 1171
700 -Hasło dodatkowe - nazwa osobowa [1, ]
    • a
    • Nazwa osobowa (NP)
    • Thiel, Maria. Find
    • 9
    • KHW
    • 542015
920 -ISBN [ , ]
    • a
    • ISBN
    • 978-83-89440-61-7 Find
Status udost. Numer inwentarzowy Sygnatura Lokalizacja Data inwentaryzacji
-2T.11611T.11611T2012-03-16